Tanahnya Masih Merah
| Main Author: | |
|---|---|
| Format: | Book |
| Published: |
Kuala Lumpur :
DBP ,
1987
|
MARC
| LEADER | 00000cam a2200000 7i4500 | ||
|---|---|---|---|
| 001 | 0000007401 | ||
| 002 | 000007959 | ||
| 005 | .0 | ||
| 020 | |a T000000632 | ||
| 090 | 0 | 0 | |a F |b MAS |
| 100 | 0 | |a Masnah Rais | |
| 245 | 1 | 0 | |a Tanahnya Masih Merah |c Masnah Rais |
| 260 | |a Kuala Lumpur : |b DBP , |c 1987 | ||
| 300 | |a 116p. ; |c 18cm. | ||
| 999 | |a 055293 |b BUKU |c FICTION |e PERPUSTAKAAN KOMUNITI CAW KOTA DAMANSARA | ||